dreamsmp quiz - Statistics

General Stats
  • This quiz has been taken 109 times
  • The average score is 22 of 28
Answer Stats
Hint : Answer % Correct
does technoblade like orphans yes or no : no
98%
green man : dream
96%
enderman : ranboo
95%
bee man : tubbo
94%
says muffins : badboyhalo
93%
color blind friend : george
93%
did you have fun (yes or no) : yes
92%
the furry : fundy
91%
diamond friend : skeppy
89%
what is dream second song : mask
88%
hates orphans : technoblade
88%
died to a baby zombie : philza
86%
teaxs friend : sapnap
85%
cant go one second with out cursing : tommyinnit
85%
shes a captain : puffy
82%
what is another character of wilbur : ghostbur
80%
what is the name of badboyhalo song : muffin
80%
in dream smp story hes a ghost : wilbur
79%
what was dream first song : roadtrip
76%
does not show face or does not talk : callahan
73%
died or a heart attack : jschlatt
71%
skin is a creeper : awesamdude
69%
loves the color pink : niki
69%
the best at bed wars and hes 18 : purpled
65%
what is the name of ranboo and tubbo child : michael
64%
who has a elytra : hannah
44%
what is one place no one is allowed : the end
38%
who has a fat dumpy : boomer
15%
No matching quizzes found
Score Distribution
Percent of People with Each Score
Percentile by Number Answered
Your Score History
You have not taken this quiz